000 00310nam a22001337a 4500
008 221025b ||||| |||| 00| 0 eng d
041 _aSHQIP
080 _a616.31
082 _a616.31 BEQ
100 _a12
101 _aSTOMA
245 _aHISTOLOGJI ME EMBRIONOLOGJI PRAKTIKUM
_cBEQIRAJ R
942 _2udc
_cBK
999 _c58675
_d58675